000 01186cab a2200265 4500
001 ABS58249
008 090401t1998 xxu||||| |||| 00| 0 eng d
035 _a(Sirsi) u83607
041 _aeng
100 _aLeong, C.
245 _aDispute management and contract drafting: the new Singapore public sector standard conditions of contract
260 _c1998
350 _a0
490 _aInternational Construction Law Review
_v15(1) January 1998, 45-77(33)
520 _aExamines Singapore`s New Public Setor Standard Conditions of Contract for Construction Works 1995 (PSSCOC) from the perspectives of contract drafting and dispute management. Uses examples to demonstrate how provisions in the contract can manage disputes. Concludes that early assessment of the PSSCOC is favourable but that it is too soon to draw an overall conclusion.
650 _aCONSTRUCTION PROJECTS
650 _aDISPUTE RESOLUTION
_96236
650 _aSINGAPORE PUBLIC SECTOR STANDARD CONDITIONS OF CONTRACT
650 _aSINGAPORE
650 _aSTANDARD FORMS OF CONTRACT
690 _aBUILT ENVIRONMENT-BUILDING CONTRACT FORMS
700 _aChan, P.
942 _n0
948 _c09/02/1998
999 _c52819
_d52819